Chambers's etymological english dictionary
Saved in:
| Hovedforfatter: | |
|---|---|
| Format: | Bog |
| Sprog: | engelsk |
| Udgivet: |
Londres
W. & R. Chambers
1955
|
| Fag: | |
| Tags: |
Tilføj Tag
Ingen Tags, Vær først til at tagge denne postø!
|
MARC
| LEADER | 00000nam a2200000 a 4500 | ||
|---|---|---|---|
| 001 | UCT3276 | ||
| 003 | CL-VaPUC | ||
| 008 | 961018e19550000UK |||||||||||||||||eng|d | ||
| 082 | 0 | 4 | |a 425 |b MAC |2 21 |
| 100 | |a Macdonald, Agnes Margaret |e autora |9 372203 | ||
| 245 | 1 | 0 | |a Chambers's etymological english dictionary |
| 300 | |a 784 p | ||
| 942 | |c BK | ||
| 945 | |d 19961018 00:00:00 |a paguirre | ||
| 260 | |a Londres |b W. & R. Chambers |c 1955 | ||
| 650 | 0 | |a Diccionarios |9 256200 | |
| 650 | 0 | |a Etimología |9 337976 | |
| 650 | 0 | |a Lingüística |9 265068 | |
| 650 | 0 | |a Inglés |9 260023 | |
| 583 | |a last modification |c 19961018 00:00:00 |k Rodrigo Vera | ||
| 999 | |c 252990 |d 252988 | ||
| 952 | |0 0 |1 0 |4 0 |6 425_000000000000000_MAC_1955 |7 0 |8 X |9 273280 |a BIBCUR |b BIBCUR |d 2019-11-19 |i 1770888 |o 425 MAC 1955 |p 1770888 |r 2025-04-22 |w 2019-11-19 |y BK_X |k BCB | ||